| 000 | 00527nam a2200181Ia 4500 | ||
|---|---|---|---|
| 008 | 220216s9999 xx 000 0 und d | ||
| 100 | _aAzaar K | ||
| 245 | 0 | _aProcess of cure of ethylene-propylene diene monomer rubbers : evaluation of state of cure | |
| 260 |
_bPlastics, Rubber and Composites _c2000 |
||
| 300 | _a253-257 | ||
| 650 | _aCure reaction | ||
| 650 | _aEthylene-propylene diene monomer rubber | ||
| 700 | _aGranger R | ||
| 700 | _aLamine B | ||
| 700 | _aRosca I D | ||
| 700 | _aVergnaud J M | ||
| 942 | _cJS | ||
| 999 |
_c65744 _d65744 |
||